000 01046nam a22003018i 4500
001 021306517
003 EG-ScBUE
005 20251016083639.0
008 250121s2025 stk f 000 0 eng d
020 _a9781399536851
040 _aStDuBDS
_beng
_erda
_cStDuBDS
_dEG-ScBUE
082 0 4 _a323.340961
_222
_bSAD
100 1 _aSadiqi, Fatima,
_eauthor.
245 1 0 _aDaesh ideology and women's rights in the Maghreb :
_ba reaction to homegrown modernity /
_cFatima Sadiqi.
264 1 _aEdinburgh :
_bEdinburgh University Press,
_c2025.
300 _a280 pages ;
_c24 cm.
336 _atext
_2rdacontent
_btxt
337 _aunmediated
_2rdamedia
_bn
338 _avolume
_2rdacarrier
_bnc
490 0 _aEdinburgh studies on the Maghreb
504 _aIncludes bibliographical references and index.
610 2 7 _aIS (Organization)
_2BUEsh
650 7 _aWomen's rights
_zAfrica, North.
_2BUEsh
650 7 _aWomen
_xLegal status, laws, etc.
_zAfrica, North.
_2BUEsh
653 _cOctober2025
_bBUSBOL
655 _vReading book
942 _2ddc
_cBB
999 _c31001
_d30972